Missing Word: Leonards Quiz Stats

 Plays Quiz not verified by Sporcle

Challenge
Share
Tweet
Embed
Score 0/20 Timer 03:00
0 Plays Today
Hint Answer % Correct
Leonard BernsteinNew
95.6%
Robert Sean LeonardDead
90.4%
Robert Sean LeonardMuch
90.4%
Leonard NimoyBody
85.9%
Leonard NimoyWrath
84.4%
Robert Sean LeonardAge
77%
Leonard CohenBird
75.6%
Leonard NimoySpock
68.9%
Leonard NimoyMoon
63%
Leonard CohenTake
59.3%
Hint Answer % Correct
Leonard BernsteinGrow
54.8%
Leonard NimoyLand
52.6%
Leonard CohenLong
52.6%
Robert Sean LeonardDays
51.1%
Leonard BernsteinPretty
42.2%
Leonard CohenBlue
35.6%
Leonard CohenKnows
31.9%
Leonard BernsteinHand
25.2%
Robert Sean LeonardKids
22.2%
Leonard BernsteinGlitter
12.6%

You're not logged in!

Compare scores with friends on all Sporcle quizzes.
OR
Log In

You Might Also Like...

Show Comments

Extras

Top Quizzes Today


Score Distribution

Your Account Isn't Verified!

In order to create a playlist on Sporcle, you need to verify the email address you used during registration. Go to your Sporcle Settings to finish the process.

Report this User

Report this user for behavior that violates our Community Guidelines.

Details: